Loading...
| Beliefs | 12 | 11.67 | 100% | 17% | 0% |
| Current Events | 3 | 10.00 | 100% | 0% | 0% |
| Fine Arts - Auditory Fine Arts | 7 | 15.71 | 100% | 43% | 14% |
| Fine Arts - Other Arts | 1 | 20.00 | 100% | 100% | 0% |
| Fine Arts - Visual Fine Arts | 3 | 10.00 | 100% | 0% | 0% |
| Geography | 2 | 15.00 | 50% | 50% | 50% |
| History - American History | 4 | 17.50 | 100% | 75% | 0% |
| History - European History | 2 | 15.00 | 100% | 50% | 0% |
| History - World History | 2 | 10.00 | 100% | 0% | 0% |
| Literature - American Literature | 4 | 25.00 | 100% | 100% | 50% |
| Literature - British Literature | 6 | 16.67 | 100% | 50% | 17% |
| Literature - European Literature | 4 | 15.00 | 100% | 50% | 0% |
| Literature - World Literature | 1 | 20.00 | 100% | 100% | 0% |
| Other Academic | 1 | 10.00 | 100% | 0% | 0% |
| Other Arts: Auditory | 3 | 10.00 | 100% | 0% | 0% |
| Other Arts: Visual | 3 | 13.33 | 100% | 33% | 0% |
| Other Science: Astronomy | 1 | 10.00 | 100% | 0% | 0% |
| Other Science: Computer Science | 2 | 10.00 | 100% | 0% | 0% |
| Other Science: Earth Science | 3 | 6.67 | 33% | 33% | 0% |
| Other Science: Math | 3 | 10.00 | 100% | 0% | 0% |
| Philosophy | 5 | 14.00 | 100% | 20% | 20% |
| Science - Biology | 8 | 21.25 | 88% | 75% | 50% |
| Science - Chemistry | 5 | 20.00 | 100% | 80% | 20% |
| Science - Physics | 7 | 11.43 | 86% | 29% | 0% |
| Social Science | 5 | 12.00 | 100% | 20% | 0% |
| 11 | 12.73 | 91% | 36% | 0% |